Countries by Most Populous City - Statistics

General Stats
  • This quiz has been taken 45 times
  • The average score is 39 of 42
Answer Stats
Biggest City Country % Correct
Sydney Australia
100%
Shanghai China
100%
Havana Cuba
100%
Paris France
100%
Delhi India
100%
Singapore Singapore
100%
Madrid Spain
100%
London United Kingdom
100%
New York City United States
100%
Sao Paulo Brazil
98%
Tokyo Japan
98%
Auckland New Zealand
98%
Manila Philippines
98%
Bangkok Thailand
98%
Kiev Ukraine
98%
Buenos Aires Argentina
95%
Toronto Canada
95%
Tehran Iran
95%
Mexico City Mexico
95%
Pyongyang North Korea
95%
Taipei Taiwan
95%
Helsinki Finland
93%
Berlin Germany
93%
Jakarta Indonesia
93%
Kingston Jamaica
93%
Kuala Lumpur Malaysia
93%
Oslo Norway
93%
Lima Peru
93%
Johannesburg South Africa
93%
Bogota Colombia
90%
Tel Aviv Israel
90%
Riyadh Saudi Arabia
88%
Algiers Algeria
85%
Caracas Venezuela
85%
Ulan Baator Mongolia
83%
Kinshasa Democratic Republic of the Congo
80%
Almaty Kazakhstan
80%
Vientiane Laos
80%
Yangon Myanmar
80%
Muscat Oman
80%
Luanda Angola
78%
Lusaka Zambia
71%
No matching quizzes found
Score Distribution
Percent of People with Each Score
Percentile by Number Answered
Your Score History
You have not taken this quiz